Poslední velkoměsto. Kniha čtvrtá, Ostrov /
Ve čtvrtém díle sci-fi série Poslední velkoměsto se koná výprava pro bájnou bojovnici z minula.
Uloženo v:
| Série: | Poslední velkoměsto,
část 4 |
|---|---|
| Hlavní autor: | |
| Médium: | E-kniha |
| Jazyk: | Czech |
| Vydáno: |
Praha :
Brokilon,
2022
|
| Vydání: | Vydání první |
| Témata: | |
| Příbuzné jednotky: | Z cyklu::
Poslední velkoměsto |
| Tagy: |
Žádné tagy |
| LEADER | 02527nam a2200409 i 4500 | ||
|---|---|---|---|
| 001 | 311688 | ||
| 003 | CZ PrSKC | ||
| 005 | 20260601215710.0 | ||
| 007 | ta | ||
| 008 | 221027s2022 xr g 000 f cze | ||
| 015 | |a cnb003467240 | ||
| 020 | |a 9788074565304 |q (brožováno) : |c Kč 298,00 | ||
| 035 | |a (OCoLC)1357139323 | ||
| 040 | |a ABG001 |b cze |e rda | ||
| 072 | 7 | |a 821.162.3-3 |x Česká próza |2 Konspekt | |
| 080 | |a 821.162.3-31 |2 MRF | ||
| 080 | |a (0:82-311.9) |2 MRF | ||
| 100 | 1 | |a Šlechta, Vladimír, |d 1960- |7 xx0000828 |4 aut | |
| 245 | 1 | 0 | |a Poslední velkoměsto. |n Kniha čtvrtá, |p Ostrov / |c Vladimír Šlechta |
| 246 | 3 | 0 | |a Ostrov |
| 250 | |a Vydání první | ||
| 264 | 1 | |a Praha : |b Brokilon, |c 2022 | |
| 300 | |a 353 stran ; |c 17 cm | ||
| 336 | |a text |b txt |2 rdacontent | ||
| 337 | |a bez média |b n |2 rdamedia | ||
| 338 | |a svazek |b nc |2 rdacarrier | ||
| 520 | 2 | |a Ve čtvrtém díle sci-fi série Poslední velkoměsto se koná výprava pro bájnou bojovnici z minula. |b Druhá polovina třiadvacátého století, dvě stě let po Apokalypse. Gowery a jeho přítel Hal Hargo se v ukořistěném letounu vydávají na vysokou oběžnou dráhu, aby navštívili orbitální město Coda3. Jejich úkolem je najít jeden konkrétní kryobox, probudit z hibernace legendární bojovnici a dopravit ji na Zem. A nejen to. Už jen samotný průzkum Cody3 může být užitečný a průzkumníkům mohou spadnout do klína nejpokročilejší technologie jedenadvacátého století, dávno ztracené znalosti i ultimátní zbraně. Kdo ovládne Codu3, ten bude vládnout Evropě. Zatím jsou na začátku dlouhé cesty. Nevědí ani to, jestli v orbitálním městě dosud někdo žije, anebo zda je Coda3 už jen mrtvou změtí poničených konstrukcí. Nakladatelská anotace. | |
| 655 | 7 | |a české romány |7 fd133974 |2 czenas | |
| 655 | 7 | |a vědecko-fantastické romány |7 fd133847 |2 czenas | |
| 655 | 9 | |a Czech fiction |2 eczenas | |
| 655 | 9 | |a science fiction novels |2 eczenas | |
| 787 | 0 | 8 | |i Z cyklu: |t Poslední velkoměsto |g 4 |
| 900 | |a ABA001 |b 21 | ||
| 044 | |a xr | ||
| 910 | |a RBIT002 | ||
| 998 | |d 361529 |a https://core.palmknihy.cz/api/books/361529/cover?rjakh2 |b https://core.palmknihy.cz/api/books/361529/cover/400?rjakh2 |c https://core.palmknihy.cz/api/books/361529/cover/50?rjakh2 |e |g 353 |i 9788074565304 |j https://core.palmknihy.cz/api/books/361529/preview.epub |k https://core.palmknihy.cz/api/books/361529/preview.pdf |l |q 49 |r 1 |s https://www.palmknihy.cz/kniha/361529 |t ebook |y 2022 |z 0 |v Poslední velkoměsto |w 4 | ||
| 999 | |d 311686 | ||